000 00251nam a2200109Ia 4500
008 190216s9999||||xx |||||||||||||| ||und||
100 _aKapoor M L
245 0 _aHindi-Haki Ki Kahani
260 _bPoorna Pubs Kozhikode
650 _aHindi
942 _cBK
999 _c15357
_d15357